000 00787nam a2200265Ia 4500
003 OSt
005 20221005083753.0
006 a|||||r|||| 00| 0
007 ta
008 221004b |||||||| |||| 00| 0 eng d
020 _a9788185990934 (pbk)
_c300
024 _a25044
037 _b1090, 23/02/2016, Bright Book Service
_cTextual
040 _aCRL
_cCRL
_beng
041 _2eng
_aeng
082 _aNA44,8(Q2:45), Q5.1
100 _aGoel Sita Ram
245 0 _aHindu temples
_b What happend to them
260 _aNew Delhi
_bVoice of India India
_c2015
300 _axxii, 296p.
_ccm.
490 _vVol. 1
650 _aARTS
942 _hNA44,8(Q2:45), Q5.1
_cTEXL
_2cc
999 _c991512
_d991512